Auteurs du 19e siècle - Statistiques

Statistiques générales
  • Ce quiz a été pris 712 fois
  • Le résultat moyen est 22 sur 50
Statistiques - réponses
Auteurs Oeuvres Année % Correct
Emile Zola Germinal 1885
97%
Victor Hugo Les misérables 1862
97%
Charles Baudelaire Les fleurs du mal 1857
91%
Stendhal Le rouge et le noir 1830
91%
Guy de Maupassant Bel-Ami 1885
88%
Alexandre Dumas Les trois mousquetaires 1844
85%
Gustave Flaubert Madame Bovary 1857
85%
Jules Verne Vingt Mille Lieues sous les mers 1869/70
83%
Honoré de Balzac Eugénie Grandet 1834
65%
Léon Tolstoï Anna Karénine 1877
64%
François-René de Chateaubriand Mémoires d'outre-tombe 1848
63%
Alphonse Daudet Lettres de mon moulin 1869
61%
Paul Verlaine Poèmes Saturniens 1866
60%
Charles Dickens Oliver Twist 1837/39
59%
George Sand La mare au diable 1846
59%
Jane Austen Orgueil et préjugés 1813
59%
Oscar Wilde Le portrait de Dorian Gray 1890
57%
Arthur Rimbaud Une saison en enfer 1873
55%
Comtesse de Ségur Les malheurs de Sophie 1858
52%
Emily Brontë Les Hauts de Hurle-Vent ( prénom et nom ) 1847
51%
Fiodor Dostoïevski L'idiot 1868/69
51%
Lewis Carroll Alice au pays des merveilles 1865
49%
Robert Louis Stevenson L'île au trésor 1881
48%
Charlotte Brontë Jane Eyre ( prénom et nom ) 1847
47%
Mary Shelley Frankenstein ou le Prométhée moderne 1818
46%
Herman Melville Moby Dick 1851
42%
Rudyard Kipling Le livre de la jungle 1894
42%
Mark Twain Les Aventures de Tom Sawyer 1876
38%
Jules Renard Poil de carotte 1894
36%
Bram Stoker Dracula 1897
35%
Alfred de Musset Les caprices de Marianne 1833
34%
Edgar Allan Poe Double assassinat dans la rue Morgue 1841
31%
Eugène Sue Les mystères de Paris 1842/43
31%
Prosper Mérimée Carmen 1845
31%
Théophile Gautier Le roman de la momie 1858
28%
Anton Tchekhov Oncle Vania 1897
22%
Herbert George Wells La Machine à explorer le temps 1895
19%
Nicolas Gogol Tarass Boulba 1843
19%
Arthur Conan Doyle Le signe des Quatre 1890
18%
Walter Scott Ivanhoé 1819
18%
Alexandre Pouchkine Boris Godounov 1825
17%
Jules Barbey d'Aurevilly Les diaboliques 1874
17%
Louisa May Alcott Les Quatre Filles du docteur March 1868
16%
Alfred de Vigny Les destinées 1864
13%
Auguste de Villiers de L'Isle-Adam Contes cruels 1883
9%
Georges Courteline Messieurs les ronds-de-cuir 1893
9%
Eugène Labiche Le Voyage de monsieur Perrichon 1860
8%
José-Maria de Heredia Les trophées 1893
8%
Thomas Hardy Tess d'Urberville 1891
8%
Henry James Portrait de femme 1881
6%
Aucun quiz correspondant
Distribution des résultats
% des personnes avec chaque résultat
Percentile par nombre de réponses
Votre historique - résultats
Vous n’avez pas pris ce quiz